Management

Salvato in:
Dettagli Bibliografici
Autore principale: Aldag, Ramon J.
Altri autori: Stearns, Timothy M.
Natura: Libro
Lingua:inglese
Pubblicazione: Cincinnati South-Western Publishing Co. 1987
Edizione:1. ed.
Soggetti:
Tags: Aggiungi Tag
Nessun Tag, puoi essere il primo ad aggiungerne!!

MARC

LEADER 00000nam a2200000 4500
001 c000436
005 20221221075237.8
020 |a 0-538-07702-6 
041 0 |a eng 
044 |a US 
245 1 0 |a Management  |c Ramon J. Aldag, Timothy M. Stearns 
250 |a 1. ed. 
264 1 |a Cincinnati  |b South-Western Publishing Co.  |c 1987 
300 |a 890 s.  |e príl. 
610 2 0 |a manažment 
610 2 0 |a riadenie podnikové 
610 2 0 |a podnik 
610 2 0 |a plánovanie podnikové 
610 2 0 |a organizácia podniku 
610 2 0 |a práca personálna 
610 2 0 |a vedenie 
610 2 0 |a stratégia podniková 
610 2 0 |a rozhodovanie podnikové 
610 2 0 |a využitie počítačov 
610 2 0 |a systémy informačné riadiace 
610 2 0 |a práca riadiaca 
100 1 |a Aldag, Ramon J. 
700 1 |a Stearns, Timothy M.